000 00660nam a2200241 i 4500
003 DO-SdBNP
005 20230920130202.0
007 ta
008 230920b2022 dr ||||| |||| 00| 0 spa d
020 _a9789945222470
040 _aDO-SdBNP
_bspa
_cBNPHU
_erda
082 4 _222
100 1 _aGell, Riqui,
_975212
_eautor
245 1 3 _aEl Dios de los procesos /
_cRiqui Gell.
264 _aSanto Domingo :
_bBúho,
_c2022.
300 _a165 páginas ;
_c21 cm.
336 _2rdacontent
_atexto
_btxt
337 _2rdamedia
_asin mediación
_bn
338 _2rdacarrier
_avolumen
_bnc
590 _aInventariado,2023/DG
910 _aBtavárez
942 _2ddc
_cLBS1
999 _c54856
_d54856